000 00298nam a2200109Ia 4500
001 588866
005 20250717120838.0
008 250717s9999 xx 000 0 und d
245 0 _aY-6 ÇİZGİLERLE NASREDİN HOCA VE EŞEĞİ
_cERDOĞAN OĞULTEKİN
260 _bHAYAT YAYINLARI
_c2018
300 _b63
999 _c588866
_d588866